00927cam a2200277 a 45000010005000000030006000050050017000110080041000280100017000690200015000860400023001010420009001240500020001330820012001531000022001652450059001872500042002462600036002883000059003245050007003835200171003905210019005615210018005806500036005986500015006343709FISKH20250827095551.0970221s1998 caua a 000 0 eng  a 97001247  a0152016791 aDLCcDLCdDLCbeng alcac00aG133b.R63 199800a9102211 aRockwell, Anne F.10aOur earth /cwritten and illustrated by Anne Rockwell. aFirst Scholastic printing March, 2000 aSan Diego :bScholastic,c1998. a24 unnumbered pages : bcolor illustrations ; c21 cm  aN  aA simple introduction to geography which explains such things as how the earth was shaped, how islands are born from volcanoes, and how gushing springs affect rivers.8 a580 bLexile 8 aN bRaz-Plus  0aGeographyxJuvenile literature. 1aGeography.